[Event "Bekasi Percasi op 1st"]
[Site "Bekasi"]
[Date "2023.11.04"]
[Round "7"]
[White "Johan, Muhammad"]
[Black "Sadikin The, Irwanto"]
[Result "1/2-1/2"]
[WhiteElo "2164"]
[BlackElo "2227"]
[PlyCount "123"]
[EventDate "2023.11.01"]
[EventType "swiss"]
[EventRounds "9"]
[EventCountry "INA"]
[SourceTitle "CB46_2023"]
[SourceDate "2023.11.15"]
[SourceVersion "1"]
[SourceVersionDate "2023.11.15"]
[SourceQuality "1"]

1. d4 d5 2. c4 e6 3. Nf3 c6 4. Qb3 Bd6 5. Nc3 Nf6 6. Bg5 Nbd7 7. e3 0-0 8. Bd3 dxc4 9. Bxc4 e5 10. 0-0-0 exd4 11. Rxd4 Bc5 12. Bxf6 Qxf6 13. Rf4 Qe7 14. Ne4 b5 15. Be2 Bb6 16. Qc2 Nc5 17. Neg5 f5 18. h4 Bc7 19. Rd4 h6 20. Nh3 Be6 21. Kb1 Bd5 22. Ka1 a6 23. Rc1 Ne6 24. Rdd1 Rad8 25. Bd3 Qf7 26. e4 fxe4 27. Bxe4 Bxe4 28. Qxe4 c5 29. Re1 Rfe8 30. Qb7 Ba5 31. Qxf7+ Kxf7 32. Re4 Bc7 33. a4 c4 34. Rce1 Nc5 35. Rxe8 Rxe8 36. Rxe8 Kxe8 37. axb5 axb5 38. Kb1 Ne6 39. Kc2 Kd7 40. g4 Kc6 41. h5 Kd5 42. b3 Ba5 43. bxc4+ bxc4 44. g5 Ke4 45. gxh6 gxh6 46. Nd2+ Bxd2 47. Kxd2 Kf3 48. Ng1+ Kxf2 49. Ne2 Nc5 50. Nd4 Ne4+ 51. Kc2 Nd6 52. Kc3 Ke3 53. Nc6 Ke4 54. Ne7 Kf4 55. Kd4 Kg5 56. Nd5 Kxh5 57. Kc5 Kg5 58. Kxd6 h5 59. Ke5 h4 60. Ke4 Kg4 61. Ne3+ Kg3 62. Nf5+ 1/2-1/2

[Event "Johor op-A 7th"]
[Site "Johor"]
[Date "2022.12.29"]
[Round "6"]
[White "Yee, Hao Loong"]
[Black "Sadikin The, Irwanto"]
[Result "0-1"]
[WhiteElo "1560"]
[BlackElo "2240"]
[PlyCount "162"]
[EventDate "2022.12.26"]
[EventType "swiss"]
[EventRounds "9"]
[EventCountry "MAS"]
[SourceTitle "CBM 212 Extra"]
[Source "ChessBase"]
[SourceDate "2023.03.31"]
[SourceVersion "1"]
[SourceVersionDate "2023.03.31"]
[SourceQuality "1"]

1. d4 d5 2. c4 e6 3. g3 Nf6 4. Bg2 Be7 5. Nf3 0-0 6. b3 dxc4 7. bxc4 c5 8. 0-0 cxd4 9. Nxd4 Qc7 10. Qb3 a6 11. Bb2 Nbd7 12. Nd2 Nc5 13. Qc2 Bd7 14. N4b3 Na4 15. Rac1 Nxb2 16. Qxb2 Bc6 17. Bxc6 bxc6 18. c5 Rfb8 19. Nc4 Bxc5 20. Qe5 Qxe5 21. Nxe5 Ba3 22. Nxc6 Bxc1 23. Nxb8 Ba3 24. Nc6 Nd5 25. Rd1 Rc8 26. Ncd4 g6 27. Rd2 Bb4 28. Rc2 Bc3 29. a3 e5 30. Nf3 e4 31. Nfd2 f5 32. Nb1 Rc7 33. e3 Kf8 34. Nxc3 Nxc3 35. Nd4 Ke7 36. Rb2 Na4 37. Rb8 Rc1+ 38. Kg2 Nc5 39. Rh8 h5 40. Rg8 Kf7 41. Rc8 Nd3 42. Ra8 Nc5 43. Rc8 Nb3 44. Ra8 Nxd4 45. Ra7+ Ke6 46. exd4 Rc6 47. Ra8 Rd6 48. h3 Kd5 49. g4 hxg4 50. hxg4 Kxd4 51. Kg3 Ke5 52. Re8+ Kf6 53. Rf8+ Kg5 54. gxf5 gxf5 55. Rg8+ Kf6 56. Rf8+ Ke5 57. Re8+ Re6 58. Rc8 Rg6+ 59. Kh2 Kf4 60. Rc3 Rd6 61. Rc8 Rg6 62. Rc3 Rd6 63. Rc8 Rd2 64. Kg1 Kg4 65. Ra8 f4 66. Rxa6 Kf3 67. Rf6 Rd1+ 68. Kh2 Rf1 69. Rh6 Rxf2+ 70. Kg1 Ra2 71. Rh3+ Kg4 72. Rh2 Ra1+ 73. Kg2 f3+ 74. Kf2 Ra2+ 75. Kg1 Rxh2 76. Kxh2 e3 77. Kg1 Kg3 78. Kf1 f2 79. Ke2 Kg2 80. Kxe3 f1Q 81. a4 Qa1 0-1

[Event "Bekasi Scua op 1st"]
[Site "Bekasi"]
[Date "2022.01.14"]
[Round "5"]
[White "Sadikin The, Irwanto"]
[Black "Kaguman"]
[Result "1-0"]
[WhiteElo "2280"]
[BlackElo "1805"]
[PlyCount "96"]
[EventDate "2022.01.12"]
[EventType "swiss"]
[EventRounds "9"]
[EventCountry "INA"]
[SourceTitle "CBM 206 Extra"]
[Source "ChessBase"]
[SourceDate "2022.03.31"]
[SourceVersion "1"]
[SourceVersionDate "2022.03.31"]
[SourceQuality "1"]

1. d4 Nf6 2. c4 c5 3. d5 b5 4. cxb5 a6 5. bxa6 Bxa6 6. Nc3 g6 7. Nf3 d6 8. e4 Bxf1 9. Kxf1 Bg7 10. g3 0-0 11. Kg2 Nbd7 12. h3 Qb6 13. Re1 Rfb8 14. e5 dxe5 15. Nxe5 Nxe5 16. Rxe5 Qb7 17. Qf3 Ng4 18. Re4 Nf6 19. Re2 Rd8 20. Bg5 Rd7 21. Rd1 h6 22. Bxf6 Bxf6 23. Ne4 Bd4 24. Rxd4 cxd4 25. Nc5 Qb5 26. Nxd7 Qxd7 27. d6 Re8 28. Rxe7 Rxe7 29. dxe7 Qxe7 30. Qd5 Qb4 31. b3 Qc3 32. a4 d3 33. a5 d2 34. a6 Qa1 35. Qxd2 Qxa6 36. Qd8+ Kg7 37. Qd4+ Kf8 38. Qh8+ Ke7 39. Qxh6 Qb7+ 40. Kg1 Qxb3 41. Qe3+ Qe6 42. Qxe6+ Kxe6 43. Kg2 Kf5 44. Kf3 g5 45. h4 gxh4 46. gxh4 Kg6 47. Kg4 Kf6 48. h5 Kg7 1-0

[Event "Bekasi Scua op 1st"]
[Site "Bekasi"]
[Date "2022.01.12"]
[Round "1"]
[White "Sadikin The, Irwanto"]
[Black "Sidabutar, Uriel Noah Oloan"]
[Result "1/2-1/2"]
[WhiteElo "2280"]
[BlackElo "1681"]
[PlyCount "114"]
[EventDate "2022.01.12"]
[EventType "swiss"]
[EventRounds "9"]
[EventCountry "INA"]
[SourceTitle "CBM 206 Extra"]
[Source "ChessBase"]
[SourceDate "2022.03.31"]
[SourceVersion "1"]
[SourceVersionDate "2022.03.31"]
[SourceQuality "1"]

1. d4 Nf6 2. c4 g6 3. Nc3 d5 4. Nf3 Bg7 5. cxd5 Nxd5 6. e4 Nxc3 7. bxc3 c5 8. Rb1 Nc6 9. d5 Ne5 10. Nxe5 Bxe5 11. Bb5+ Bd7 12. Qb3 0-0 13. 0-0 b6 14. Bxd7 Qxd7 15. Bh6 c4 16. Qc2 Bg7 17. Bxg7 Kxg7 18. f4 f5 19. Rbd1 fxe4 20. Qxe4 Rac8 21. Rfe1 Rf7 22. Rd4 Qa4 23. Qe5+ Kg8 24. f5 Qc2 25. Rde4 Rcf8 26. h3 Rxf5 27. Qe6+ Kh8 28. Rxc4 Qf2+ 29. Kh1 Qxe1+ 30. Qxe1 Rf1+ 31. Qxf1 Rxf1+ 32. Kh2 Rd1 33. Rc8+ Kg7 34. c4 Kf7 35. Rc7 a5 36. Rc6 b5 37. cxb5 Rxd5 38. b6 Rb5 39. a4 Rb4 40. Rc5 Rxb6 41. Rxa5 Rb3 42. Ra8 Ra3 43. a5 e5 44. a6 e4 45. h4 h5 46. Kg1 Kg7 47. Kf2 Kh7 48. Ra7+ Kh6 49. Ke2 Ra2+ 50. Kf1 e3 51. g3 g5 52. Ra8 gxh4 53. gxh4 Kg6 54. Ke1 Kh6 55. Ra7 Kg6 56. Ra8 Kh6 57. Kf1 Kg6 1/2-1/2

[Event "Penang op 11th"]
[Site "Penang"]
[Date "2019.12.13"]
[Round "7"]
[White "Sadikin The, Irwanto"]
[Black "Castellano, Christopher"]
[Result "1-0"]
[WhiteElo "2301"]
[BlackElo "2133"]
[PlyCount "115"]
[EventDate "2019.12.09"]
[EventType "swiss"]
[EventRounds "9"]
[EventCountry "MAS"]
[SourceTitle "CBM 193 Extra"]
[Source "ChessBase"]
[SourceDate "2020.01.31"]
[SourceVersion "1"]
[SourceVersionDate "2020.01.31"]
[SourceQuality "1"]

1. d4 Nf6 2. c4 e6 3. Nf3 Bb4+ 4. Nc3 Bxc3+ 5. bxc3 d6 6. Qc2 h6 7. e4 b6 8. e5 dxe5 9. dxe5 Nfd7 10. Qe4 c6 11. Qg4 Kf8 12. Bd3 Qc7 13. Qh5 c5 14. 0-0 Nc6 15. Re1 Bb7 16. Bf4 Kg8 17. Bg3 Na5 18. Rad1 Nf8 19. Bh4 Bc6 20. Qg4 Ng6 21. Bxg6 fxg6 22. Qxe6+ Kh7 23. Rd6 Be8 24. Qd5 Nb7 25. Re6 Bf7 26. Rc6 Bxd5 27. Rxc7 Bxf3 28. gxf3 g5 29. Bxg5 hxg5 30. Rxb7 Rhe8 31. Kg2 Re6 32. f4 gxf4 33. Kf3 Kh6 34. h4 Rf8 35. Rxa7 Rf5 36. Rb7 Rh5 37. Rg1 g6 38. Rg4 Rhxe5 39. Rxf4 Rh5 40. Rd7 Rf5 41. Rxf5 gxf5 42. Rb7 Re4 43. Rxb6+ Kh5 44. Rf6 Rxc4 45. Rxf5+ Kg6 46. Rf4 Rxc3+ 47. Kg4 Ra3 48. h5+ Kg7 49. Rc4 Rxa2 50. f4 Ra5 51. Kg5 Kh7 52. f5 Rb5 53. f6 Ra5 54. h6 Ra1 55. f7 Ra8 56. Rf4 Rf8 57. Kf6 c4 58. Ke7 1-0

[Event "Johor op 6th"]
[Site "Johor"]
[Date "2019.12.06"]
[Round "7"]
[White "Taher, Yoseph Theolifus"]
[Black "Sadikin The, Irwanto"]
[Result "1-0"]
[WhiteElo "2469"]
[BlackElo "2301"]
[PlyCount "97"]
[EventDate "2019.12.02"]
[EventType "swiss"]
[EventRounds "9"]
[EventCountry "MAS"]
[SourceTitle "CBM 193 Extra"]
[Source "ChessBase"]
[SourceDate "2020.01.31"]
[SourceVersion "1"]
[SourceVersionDate "2020.01.31"]
[SourceQuality "1"]

1. e4 e5 2. Nf3 Nc6 3. Bb5 a6 4. Ba4 Nf6 5. Qe2 b5 6. Bb3 Be7 7. d4 d6 8. dxe5 dxe5 9. 0-0 Bg4 10. c3 0-0 11. h3 Bh5 12. Nbd2 Bd6 13. Rd1 Na5 14. Bc2 Qe7 15. Nf1 Nc4 16. Ng3 g6 17. Bd3 Nb6 18. Bg5 Bxf3 19. Qxf3 Kg7 20. Qe3 Rfd8 21. h4 Qe6 22. h5 Ng4 23. Qf3 f6 24. Bd2 Bc5 25. Be1 Nh6 26. b3 Rd7 27. Bc2 Rad8 28. Rxd7+ Rxd7 29. Rd1 Qg4 30. Rxd7+ Qxd7 31. Qe2 Qg4 32. Qd3 Qd7 33. Qxd7+ Nxd7 34. Kf1 Bd6 35. Ke2 Nc5 36. hxg6 hxg6 37. Nf1 f5 38. exf5 gxf5 39. Bd2 f4 40. b4 Ne6 41. Be4 Nd8 42. g3 fxg3 43. Nxg3 Ng8 44. c4 bxc4 45. Bd5 Ne7 46. Bxc4 Ndc6 47. Nf5+ Kf6 48. Nxd6 cxd6 49. Bxa6 1-0

[Event "Johor op 6th"]
[Site "Johor"]
[Date "2019.12.05"]
[Round "6"]
[White "Sadikin The, Irwanto"]
[Black "Li, Bo"]
[Result "1/2-1/2"]
[WhiteElo "2301"]
[BlackElo "2308"]
[PlyCount "102"]
[EventDate "2019.12.02"]
[EventType "swiss"]
[EventRounds "9"]
[EventCountry "MAS"]
[SourceTitle "CBM 193 Extra"]
[Source "ChessBase"]
[SourceDate "2020.01.31"]
[SourceVersion "1"]
[SourceVersionDate "2020.01.31"]
[SourceQuality "1"]

1. d4 Nf6 2. c4 c6 3. Nc3 d5 4. Nf3 g6 5. e3 Bg7 6. Bd3 0-0 7. 0-0 Bf5 8. Bxf5 gxf5 9. cxd5 cxd5 10. Qb3 b6 11. Ne5 e6 12. Bd2 Nfd7 13. Nd3 Nc6 14. Ne2 Nf6 15. f3 Qd6 16. Rac1 Rfc8 17. Rc2 Rc7 18. Rfc1 Rac8 19. Qa4 Nb8 20. Ne5 Rxc2 21. Rxc2 Rxc2 22. Qxc2 Qd8 23. Nf4 Bh6 24. Nfd3 Nfd7 25. Nc6 Nxc6 26. Qxc6 Nf8 27. b4 Ng6 28. g3 Ne7 29. Qb7 Nc8 30. Ne5 Nd6 31. Qxa7 f6 32. Qd7 Qxd7 33. Nxd7 Nc4 34. Bc1 b5 35. Kf2 Kf7 36. Nc5 e5 37. Nb3 Bf8 38. a3 Bh6 39. dxe5 fxe5 40. f4 Bg7 41. fxe5 Bxe5 42. Ke2 Bg7 43. Nc5 Bf8 44. Nd3 Bd6 45. Ne1 Be5 46. Nf3 Bf6 47. Kd1 Ke6 48. Kc2 Kd7 49. Kb3 Kc6 50. a4 bxa4+ 51. Kxa4 Nd6 1/2-1/2

[Event "Johor op 6th"]
[Site "Johor"]
[Date "2019.12.04"]
[Round "5"]
[White "Li, Guohao"]
[Black "Sadikin The, Irwanto"]
[Result "0-1"]
[WhiteElo "2131"]
[BlackElo "2301"]
[PlyCount "50"]
[EventDate "2019.12.02"]
[EventType "swiss"]
[EventRounds "9"]
[EventCountry "MAS"]
[SourceTitle "CBM 193 Extra"]
[Source "ChessBase"]
[SourceDate "2020.01.31"]
[SourceVersion "1"]
[SourceVersionDate "2020.01.31"]
[SourceQuality "1"]

1. d4 Nf6 2. c4 e6 3. Nf3 d5 4. cxd5 exd5 5. Nc3 Bb4 6. Bf4 Bd6 7. Bxd6 Qxd6 8. e3 0-0 9. Bd3 a6 10. h3 Nbd7 11. 0-0 b6 12. Rc1 Bb7 13. Qe2 Rfe8 14. Rfd1 c5 15. dxc5 bxc5 16. Qc2 d4 17. Be2 Ne5 18. Na4 Bxf3 19. gxf3 d3 20. f4 Qe6 21. Bxd3 Qxh3 22. Be2 Neg4 23. Bxg4 Nxg4 24. Nxc5 Qh2+ 25. Kf1 Rxe3 0-1

[Event "Johor op 6th"]
[Site "Johor"]
[Date "2019.12.03"]
[Round "3"]
[White "Korneev, Oleg"]
[Black "Sadikin The, Irwanto"]
[Result "1-0"]
[WhiteElo "2524"]
[BlackElo "2301"]
[PlyCount "109"]
[EventDate "2019.12.02"]
[EventType "swiss"]
[EventRounds "9"]
[EventCountry "MAS"]
[SourceTitle "CBM 193 Extra"]
[Source "ChessBase"]
[SourceDate "2020.01.31"]
[SourceVersion "1"]
[SourceVersionDate "2020.01.31"]
[SourceQuality "1"]

1. e4 e5 2. Nf3 Nc6 3. Bb5 a6 4. Ba4 Nf6 5. 0-0 Be7 6. Re1 b5 7. Bb3 d6 8. c3 0-0 9. h3 Bb7 10. d4 Re8 11. Nbd2 Bf8 12. d5 Nb8 13. Nf1 Nbd7 14. N3h2 Nc5 15. Bc2 c6 16. b4 Ncd7 17. dxc6 Bxc6 18. Bg5 h6 19. Bxf6 Nxf6 20. Ng4 Nxg4 21. Qxg4 Bd7 22. Qf3 Rc8 23. Bb3 Be6 24. Red1 Qh4 25. Rac1 Qf4 26. Qd3 Qg5 27. Rc2 Red8 28. Bxe6 fxe6 29. c4 Qg6 30. Ne3 Qe8 31. a3 Kh8 32. Rdc1 Be7 33. cxb5 Rxc2 34. Rxc2 axb5 35. Rc7 Bg5 36. Rb7 Rb8 37. Rxb8 Qxb8 38. Nd1 Qa8 39. Qxb5 Qxe4 40. Qb8+ Kh7 41. Qxd6 Qe1+ 42. Kh2 Bf4+ 43. g3 Bd2 44. Qd3+ e4 45. Qc2 h5 46. h4 g6 47. b5 g5 48. hxg5 h4 49. gxh4 Qe2 50. Qc7+ Kg6 51. Qe5 Qxd1 52. Qxe4+ Kf7 53. b6 Ba5 54. Qf4+ Kg6 55. b7 1-0

[Event "Kuala Lumpur op 15th"]
[Site "Kuala Lumpur"]
[Date "2018.08.21"]
[Round "2"]
[White "Firouzja, Alireza"]
[Black "Sadikin The, Irwanto"]
[Result "1-0"]
[WhiteElo "2561"]
[BlackElo "2325"]
[PlyCount "133"]
[EventDate "2018.08.20"]
[EventType "swiss"]
[EventRounds "9"]
[EventCountry "MAS"]
[SourceTitle "CBM 186 Extra"]
[Source "ChessBase"]
[SourceDate "2018.08.24"]
[SourceVersion "1"]
[SourceVersionDate "2018.08.24"]
[SourceQuality "1"]

1. e4 e5 2. Nf3 Nc6 3. Bb5 a6 4. Ba4 Nf6 5. 0-0 Be7 6. Re1 b5 7. Bb3 d6 8. c3 0-0 9. h3 Bb7 10. d4 Re8 11. Nbd2 Bf8 12. a3 h6 13. Bc2 Nb8 14. b4 Nbd7 15. Bb2 g6 16. Qb1 Nb6 17. dxe5 dxe5 18. c4 bxc4 19. Rd1 Nfd7 20. Qa2 Qf6 21. Nxc4 Nxc4 22. Rxd7 Qc6 23. Ba4 Qxa4 24. Rxc7 Nd6 25. Bxe5 Rac8 26. Bxd6 Rxc7 27. Bxc7 Qc6 28. Bg3 Rxe4 29. Qd2 Bg7 30. Rc1 Rc4 31. Rxc4 Qxc4 32. Qe3 Bd5 33. Be5 f6 34. Bd4 g5 35. Bc3 Kf7 36. Nd4 f5 37. Ne2 Bxc3 38. Nxc3 Bc6 39. Qe5 Qe6 40. Qd4 f4 41. Kh2 f3 42. g3 Qe1 43. Nd5 Ke6 44. Qe3+ Qxe3 45. Nxe3 h5 46. Nc4 Kd5 47. Nb6+ Kd4 48. a4 Kc3 49. b5 axb5 50. axb5 Bxb5 51. Nd5+ Kd4 52. Nf6 h4 53. Nh7 Ke5 54. Nxg5 Bc6 55. gxh4 Kf4 56. Ne6+ Ke5 57. Nc5 Kf4 58. Nd3+ Ke4 59. Nb4 Be8 60. Kg3 Bh5 61. Nc2 Kf5 62. Ne3+ Ke4 63. Nf1 Kd3 64. Kf4 Ke2 65. Ng3+ Kxf2 66. Nxh5 Kg2 67. Ng3 1-0

[Event "Cilacap MPCNI"]
[Site "Cilacap"]
[Date "2017.12.29"]
[Round "7"]
[White "Sadikin The, Irwanto"]
[Black "Syaifudin, Agus"]
[Result "1/2-1/2"]
[WhiteElo "2338"]
[BlackElo "2195"]
[PlyCount "67"]
[EventDate "2017.12.26"]
[EventType "tourn"]
[EventRounds "9"]
[EventCountry "INA"]
[SourceTitle "CBM 182 Extra"]
[Source "ChessBase"]
[SourceDate "2018.02.23"]
[SourceVersion "1"]
[SourceVersionDate "2018.02.23"]
[SourceQuality "1"]

1. e4 c6 2. Nf3 d5 3. Nc3 Bg4 4. h3 Bxf3 5. Qxf3 e6 6. d4 dxe4 7. Qxe4 Nf6 8. Qh4 Nbd7 9. Bd3 Be7 10. 0-0 0-0 11. Ne4 Nxe4 12. Qxe4 g6 13. c3 Bg5 14. f4 Bh6 15. Qf3 Bg7 16. Be3 Nf6 17. g4 Nd5 18. Bf2 f5 19. g5 Qd7 20. Bc4 Kh8 21. Bxd5 Qxd5 22. Qxd5 exd5 23. Rfe1 Rfe8 24. Rxe8+ Rxe8 25. Re1 Rxe1+ 26. Bxe1 Kg8 27. Kg2 Kf7 28. Kf3 Ke6 29. Ke3 b6 30. Kd3 c5 31. Bf2 Kd6 32. b4 cxd4 33. cxd4 Kc6 34. a4 1/2-1/2

[Event "Cilacap MPCNI"]
[Site "Cilacap"]
[Date "2017.12.26"]
[Round "2"]
[White "Sadikin The, Irwanto"]
[Black "Prayitno, Sugeng"]
[Result "0-1"]
[WhiteElo "2338"]
[BlackElo "2325"]
[PlyCount "80"]
[EventDate "2017.12.26"]
[EventType "tourn"]
[EventRounds "9"]
[EventCountry "INA"]
[SourceTitle "CBM 182 Extra"]
[Source "ChessBase"]
[SourceDate "2018.02.23"]
[SourceVersion "1"]
[SourceVersionDate "2018.02.23"]
[SourceQuality "1"]

1. Nf3 Nf6 2. c4 c6 3. Nc3 d5 4. e3 e6 5. b3 Nbd7 6. Bb2 Bd6 7. Be2 0-0 8. 0-0 e5 9. d3 a6 10. a3 Qe7 11. e4 dxe4 12. dxe4 Nc5 13. Qc2 Bg4 14. h3 Bxf3 15. Bxf3 Ne6 16. Ne2 Rad8 17. b4 Ng5 18. c5 Nxf3+ 19. gxf3 Bc7 20. Rfd1 Nh5 21. Rxd8 Rxd8 22. Ng3 Nxg3 23. fxg3 Qg5 24. Qf2 Rd2 25. Bc1 Rxf2 26. Bxg5 Rxf3 27. Kg2 Rd3 28. Ra2 f6 29. Rd2 Rxd2+ 30. Bxd2 Kf7 31. Kf3 Ke6 32. g4 g6 33. h4 h5 34. gxh5 gxh5 35. Be3 Bd8 36. Bf2 f5 37. Ke3 Bf6 38. Kd3 Bg7 39. exf5+ Kxf5 40. a4 e4+ 0-1

[Event "Olympiad-42"]
[Site "Baku"]
[Date "2016.09.13"]
[Round "11.3"]
[White "Kabilov, Amin"]
[Black "Sadikin The, Irwanto"]
[Result "0-1"]
[WhiteElo "2150"]
[BlackElo "2327"]
[PlyCount "110"]
[EventDate "2016.09.02"]
[EventType "team-swiss"]
[EventRounds "11"]
[EventCountry "AZE"]
[SourceTitle "CBM 175"]
[Source "ChessBase"]
[SourceDate "2016.11.10"]
[SourceVersion "1"]
[SourceVersionDate "2016.11.10"]
[SourceQuality "1"]
[WhiteTeam "Tajikistan"]
[BlackTeam "Indonesia"]
[WhiteTeamCountry "TJK"]
[BlackTeamCountry "INA"]

1. e4 e5 2. Nf3 Nc6 3. Bb5 a6 4. Ba4 Nf6 5. 0-0 Be7 6. d3 b5 7. Bb3 d6 8. c3 0-0 9. h3 Na5 10. Bc2 c5 11. Re1 Bb7 12. Nbd2 Re8 13. Nf1 h6 14. Qe2 Bf8 15. Ng3 d5 16. Nh2 g6 17. Bd2 dxe4 18. dxe4 Nc4 19. Bc1 Qb6 20. b3 Na5 21. Be3 Qe6 22. Ng4 Nxg4 23. hxg4 c4 24. b4 Nc6 25. a4 Red8 26. Red1 Bg7 27. axb5 axb5 28. Rxa8 Rxa8 29. Bc5 Ra2 30. Nf1 Qe8 31. Ne3 Nd8 32. Qd2 Ne6 33. Qd7 Bc6 34. Qxe8+ Bxe8 35. Bb1 Rb2 36. Nd5 Nf4 37. g3 Nxd5 38. exd5 Bd7 39. Be4 f5 40. gxf5 gxf5 41. Bg2 Ra2 42. d6 e4 43. g4 fxg4 44. Re1 Bxc3 45. Rxe4 Bf6 46. Re3 Rd2 47. Ra3 Rd1+ 48. Bf1 Kf7 49. f4 c3 50. Ra2 g3 51. Ra7 c2 52. Be3 Ke6 53. f5+ Kxd6 54. Bf4+ Be5 55. Ra6+ Bc6 0-1

[Event "Olympiad-42"]
[Site "Baku"]
[Date "2016.09.11"]
[Round "9.4"]
[White "Liew, Chee Meng Jimmy"]
[Black "Sadikin The, Irwanto"]
[Result "1/2-1/2"]
[WhiteElo "2202"]
[BlackElo "2327"]
[PlyCount "94"]
[EventDate "2016.09.02"]
[EventType "team-swiss"]
[EventRounds "11"]
[EventCountry "AZE"]
[SourceTitle "CBM 175"]
[Source "ChessBase"]
[SourceDate "2016.11.10"]
[SourceVersion "1"]
[SourceVersionDate "2016.11.10"]
[SourceQuality "1"]
[WhiteTeam "Malaysia"]
[BlackTeam "Indonesia"]
[WhiteTeamCountry "MAS"]
[BlackTeamCountry "INA"]

1. d4 d5 2. c4 c6 3. Nc3 Nf6 4. Nf3 dxc4 5. Ne5 e6 6. Nxc4 c5 7. dxc5 Qxd1+ 8. Nxd1 Bxc5 9. Be3 Bb4+ 10. Bd2 Bxd2+ 11. Nxd2 Nc6 12. Nc3 Ke7 13. g3 Bd7 14. Bg2 Nd4 15. 0-0 Bc6 16. Bxc6 Nxc6 17. Rac1 Rhd8 18. Rfd1 Rac8 19. f3 Nd5 20. Nxd5+ Rxd5 21. Nb3 Rxd1+ 22. Rxd1 Ne5 23. Rd2 f5 24. Kf2 g5 25. h3 h5 26. f4 Nf7 27. Nd4 gxf4 28. gxf4 Nd6 29. Rd3 Ne4+ 30. Ke3 Rg8 31. Ra3 Rg3+ 32. Nf3 a6 33. Rb3 Nd6 34. Kf2 Rg8 35. Ke3 Rc8 36. Rc3 Rc4 37. Ne5 Re4+ 38. Kd3 Nb5 39. Rc4 Rxc4 40. Kxc4 Nc7 41. Kd4 Nd5 42. Nd3 Kd6 43. e4 fxe4 44. Kxe4 Nf6+ 45. Kd4 Nd5 46. Ke4 Nf6+ 47. Kd4 Nd5 1/2-1/2

[Event "Olympiad-42"]
[Site "Baku"]
[Date "2016.09.10"]
[Round "8.4"]
[White "Kalezic, Blazo"]
[Black "Sadikin The, Irwanto"]
[Result "1-0"]
[WhiteElo "2457"]
[BlackElo "2327"]
[PlyCount "77"]
[EventDate "2016.09.02"]
[EventType "team-swiss"]
[EventRounds "11"]
[EventCountry "AZE"]
[SourceTitle "CBM 175"]
[Source "ChessBase"]
[SourceDate "2016.11.10"]
[SourceVersion "1"]
[SourceVersionDate "2016.11.10"]
[SourceQuality "1"]
[WhiteTeam "Montenegro"]
[BlackTeam "Indonesia"]
[WhiteTeamCountry "MNE"]
[BlackTeamCountry "INA"]

1. e4 e5 2. Nf3 Nc6 3. Bb5 a6 4. Ba4 Nf6 5. 0-0 Be7 6. Re1 b5 7. Bb3 d6 8. a4 Bg4 9. c3 Na5 10. Bc2 c5 11. d3 0-0 12. Nbd2 Re8 13. h3 Bd7 14. Nf1 h6 15. Ng3 Bf8 16. Nh2 d5 17. axb5 axb5 18. Qf3 d4 19. cxd4 exd4 20. Nf5 Be6 21. Bd2 Nd7 22. Qg3 Kh7 23. Nd6 Bxd6 24. Qxd6 b4 25. Qg3 b3 26. Bd1 Nc6 27. Rb1 c4 28. dxc4 Nc5 29. Bh5 Ra2 30. Ng4 Bxg4 31. hxg4 Ne5 32. g5 g6 33. gxh6 Nxc4 34. Bb4 Nxe4 35. Qxb3 Qh4 36. g3 Qxh5 37. Qxc4 Ra7 38. Qxd4 Re5 39. Rxe4 1-0

[Event "Penang op 6th"]
[Site "Penang"]
[Date "2014.12.12"]
[Round "9"]
[White "Cuhendi, Sean Winshand"]
[Black "Sadikin The, Irwanto"]
[Result "1-0"]
[WhiteElo "2416"]
[BlackElo "2331"]
[PlyCount "83"]
[EventDate "2014.12.08"]
[EventType "swiss"]
[EventRounds "9"]
[EventCountry "MAS"]
[SourceTitle "CBM 163 Extra"]
[Source "ChessBase"]
[SourceDate "2014.12.23"]
[SourceVersion "1"]
[SourceVersionDate "2014.12.23"]
[SourceQuality "1"]

1. e4 e5 2. Nf3 Nc6 3. Bc4 Nf6 4. d3 Be7 5. 0-0 0-0 6. a4 d6 7. Nbd2 Na5 8. Ba2 c5 9. h3 a6 10. Nc4 Nxc4 11. Bxc4 Be6 12. Qe2 Bxc4 13. dxc4 Nh5 14. Nxe5 dxe5 15. Qxh5 Qc7 16. Bd2 f6 17. Qg4 Qc8 18. Qxc8 Raxc8 19. Ba5 Bd8 20. Bc3 Bc7 21. Rfd1 Rfd8 22. Kf1 Kf7 23. Ke2 Ke6 24. Rxd8 Rxd8 25. Rd1 Rxd1 26. Kxd1 a5 27. Ke2 b6 28. Bd2 g6 29. g3 f5 30. Kd3 h5 31. Bg5 Kf7 32. Ke3 Ke6 33. f4 exf4+ 34. Bxf4 Bxf4+ 35. Kxf4 fxe4 36. Kxe4 Kd6 37. Kf4 Ke6 38. Kg5 Kf7 39. g4 hxg4 40. hxg4 Kg7 41. b3 Kf7 42. Kh6 1-0

[Event "Penang op 6th"]
[Site "Penang"]
[Date "2014.12.12"]
[Round "8"]
[White "Sadikin The, Irwanto"]
[Black "Marohom, De Leon Jr"]
[Result "1-0"]
[WhiteElo "2331"]
[BlackElo "2267"]
[PlyCount "71"]
[EventDate "2014.12.08"]
[EventType "swiss"]
[EventRounds "9"]
[EventCountry "MAS"]
[SourceTitle "CBM 163 Extra"]
[Source "ChessBase"]
[SourceDate "2014.12.23"]
[SourceVersion "1"]
[SourceVersionDate "2014.12.23"]
[SourceQuality "1"]

1. d4 Nf6 2. c4 g6 3. Nc3 Bg7 4. e4 d6 5. Nf3 0-0 6. Be2 e5 7. 0-0 Nc6 8. d5 Ne7 9. b4 Nh5 10. Re1 a5 11. bxa5 Rxa5 12. a4 c5 13. Ra3 Ra6 14. Nd2 Nf6 15. Nb5 Nd7 16. Bd3 f5 17. exf5 gxf5 18. f3 Ng6 19. Nf1 e4 20. fxe4 f4 21. Nd2 Nde5 22. Be2 Nh4 23. Nf3 Ng4 24. Rf1 Bd7 25. Nxh4 Qxh4 26. Rh3 Qg5 27. Rg3 h5 28. h3 Bxb5 29. Bxg4 Kh8 30. cxb5 Be5 31. Kh1 Raa8 32. Bf5 Qxg3 33. Qxh5+ Kg7 34. Bxf4 Rxf5 35. exf5 Qd3 36. Re1 1-0

[Event "Penang op 6th"]
[Site "Penang"]
[Date "2014.12.08"]
[Round "1"]
[White "Lim, Kian Hwa"]
[Black "Sadikin The, Irwanto"]
[Result "0-1"]
[WhiteElo "1859"]
[BlackElo "2331"]
[PlyCount "76"]
[EventDate "2014.12.08"]
[EventType "swiss"]
[EventRounds "9"]
[EventCountry "MAS"]
[SourceTitle "CBM 163 Extra"]
[Source "ChessBase"]
[SourceDate "2014.12.23"]
[SourceVersion "1"]
[SourceVersionDate "2014.12.23"]
[SourceQuality "1"]

1. e4 e5 2. Nf3 Nc6 3. Bb5 a6 4. Ba4 Nf6 5. d3 b5 6. Bb3 Be7 7. c3 0-0 8. 0-0 d6 9. Re1 Na5 10. Bc2 c5 11. Nbd2 Re8 12. Nf1 h6 13. Ng3 Bf8 14. Bd2 Bb7 15. Nf5 c4 16. Qc1 cxd3 17. Bxd3 Kh7 18. Qc2 g6 19. Ne3 Rc8 20. Rad1 Qc7 21. Qb1 Qb8 22. h3 Qa8 23. Nf1 Nc4 24. Bc1 d5 25. Ng3 Rcd8 26. Nd2 Nd6 27. f3 Bg7 28. exd5 Nxd5 29. Nde4 Nxe4 30. Nxe4 f5 31. Ng3 Ne7 32. Re2 Qb8 33. Nf1 e4 34. fxe4 Bxe4 35. Red2 Qb6+ 36. Kh1 Rxd3 37. Rxd3 Qf2 38. R3d2 Bxg2+ 0-1